1128 1980 1356 1612 1550 1103 1991 1389 1147 1023 1171 1715 1054 1161 1992 1993 1410 1513 1867 1180 1827 1285 1900 1308 1368 1598 1991 1627 1379 1327 1123 1490 1291 1300 1128 1574 1765 1773 1533 1710 1413 1441 1620 1449 1856 1368 1095 1513 1862 1544 1293 1945 1977 1722 1798 1411 1739 1615 1921 1357 1840 1755 1584 1321 1080 1434 1983 1431 1096 1470 1584 1105 1734 1681 1783 1429 1763 1557 1450 1791 1743 1904 1604 1685 1488 1594 1035 1394 1419 1423 1111 1824 1034 1219 1258 1015 1234 1726 1254 BCNSPRNW ULIB Ver.6.0+V

เปลี่ยนเป็นภาษาไทย

Change to English
 แสดงรายละเอียดบรรณานุกรม
  กลับหน้าหลัก

Brief Record : Get Marc (ISO 2709) : E-mail record : QR code < ปิดหน้าต่าง
LEADER : 00000nam 2200000uu 4500
001    13399111017
003     ULIB
008    110615s||||||||th 000 0 tha d
020    9789749869642
050 04 AG196^bน625W 2549
100 0  นิภาพัชร์ ปิ่นสุวรรณ
245 10 When? รู้รอบเหตุการณ์สำคัญของโลก /^cนิภาพัชร์ ปิ่นสุวรรณ
250    พิมพ์ครั้งที่ 1
260    กรุงเทพฯ :^bอักษรเจริญทัศน์,^c2549
300    191 หน้า :^bภาพประกอบ
440  0 หนังสือเสริมการเรียนรู้ ชุด สรรพ์สาระของโลก
650  7 เหตุการณ์ของโลก
650  7 ประวัติศาสตร์โลก
945    ^p170^l0^i020591
995    ทศพร
999 ^a ใช้งานได้ทุกระบบ
รายการนี้ยังไม่มีแท็ก
คุณยังไม่ได้ล็อกอิน คุณสามารถมีกิจกรรมร่วมกับเว็บไซต์ได้ แต่ต้องล็อกอินก่อน ::
  ล็อกอิน

รายการสื่อสารสนเทศ

ลำดับที่ ประเภท เลขเรียก/บาร์โค้ด สถานที่ สถานะ
- ไม่พบข้อมูล -

รายการใกล้เคียง
    ผู้แต่ง [นิภาพัชร์ ปิ่นสุวรรณ]

    หัวเรื่อง [เหตุการณ์ของโลก]
    หัวเรื่อง [ประวัติศาสตร์โลก]

BibComment


ยังไม่เคยถูกคอมเมนท์

คอมเมนท์ทรัพยากรรายการนี้
  คอมเมนท์: When รู้รอบเหตุกา..


 Copyright 2026. Bcnsprnw @Library